000 00318nam a2200133Ia 4500
008 191201s2009 xx 000 0 und d
082 _a485.5
_bKOC
100 _aKONAR,Nira
245 0 _aCommunication Skills for Professionals
260 _aN.Delhi
_bPHI
_c2009
300 _a193
650 _aApplied
942 _2ddc
_cBK
999 _c4277
_d4277